| 000 | 00000nam##2200000za#4500 |
| 001 | 9.647451 |
| 003 | CaOODSP |
| 005 | 20210615112635 |
| 007 | tb |
| 008 | 150407|1999||||xxc|||||d f|0| 0 eng|d |
| 020 | |a0-662-28137-3 |
| 040 | |aCaOODSP|beng |
| 043 | |an-cn--- |
| 086 | 1 |aMP80-2/11-1999E-LP |
| 110 | 1 |aCanada. |bHuman Resources Development Canada. |
| 245 | 10|aFuture directions to address disability issues for the government of Canada : |bworking together for full citizenship |
| 260 | |aOttawa - Ontario : |bHuman Resources Development Canada |c1999. |
| 300 | |a31p. ; |c28 cm. |
| 563 | |aSpiral binding |
| 590 | |a99-37|b1999-09-17 |
| 690 | 07|aPersons with disabilities|2gcpds |
| 690 | 07|aGovernment policy|2gcpds |
| 775 | 08|tOrientations futures du gouvernement du Canada concernant les personnes handicapées : |w(CaOODSP)9.680876 |
| 776 | 0#|tFuture directions to address disability issues for government of Canada : |w(CaOODSP)9.647364 |
| 776 | 0#|tFuture directions to address disability issues for the government of Canada : |w(CaOODSP)9.647449 |
| 776 | 0#|tFuture directions to address disability issues for the government of Canada : |w(CaOODSP)9.647452 |
| 776 | 0#|tFuture directions to address disability issues for the Government of Canada : |w(CaOODSP)9.696453 |
| 776 | 0#|tFuture directions to address disability issues for the government of Canada : |w(CaOODSP)9.647450 |
| 986 | |aSDDP-029-06-99E |